00324 a2200121 450000100060000010000050000624500250001126000230003609000170005994200230007699900190009995200840011847250 a aHistory of World Art aNew YorkbOxfordc c30296d30296 aNUST-CAEcMc22554 c282323d282323 001040708NFICaCAEbCAEd2017-04-03l0pCAE36762r2017-04-05w2017-04-05yBK